Contemporary Caribbean: a sociological reader /

সংরক্ষণ করুন:
গ্রন্থ-পঞ্জীর বিবরন
প্রধান লেখক: Craig, Susan
অন্যান্য লেখক: ed.
বিন্যাস: পাঠ‍্য
প্রকাশিত: s.l: s.e.
ট্যাগগুলো: ট্যাগ যুক্ত করুন
কোনো ট্যাগ নেই, প্রথমজন হিসাবে ট্যাগ করুন!

MARC

LEADER 00000 a a2200000 04500
001 24245
003
040
090 |a 166100  
100 |a Craig, Susan  
245 |a Contemporary Caribbean: a sociological reader /  |c Susan Craig 
260 |a s.l:   |b s.e.  
300 |a 459 p; 2 vol   |b **no definido**  
700 |a ed.  
999 |c 6163  |d 6163